Sly Cooper Games - Statistics

General Stats
  • This quiz has been taken 58 times
  • The average score is 4 of 6
Answer Stats
Year Game % Correct
2013 Sly Cooper: Thieves in Time
88%
2004 Sly Cooper: Honor Among Thieves
82%
2005 Sly Cooper: Band of Thieves
73%
2002 Sly Cooper and the Thievius Raccoonus
65%
2013 Bentley's Hack Pack
43%
2011 The Sly Collection
33%
No matching quizzes found
Score Distribution
Percent of People with Each Score
Percentile by Number Answered
Your Score History
You have not taken this quiz